000 00336nam a2200145Ia 4500
100 _aForouzan/B.A/ Gilberg/R.F
942 _cBK
654 _ac
245 _aComputer Science:Structured programming approach using C
260 _bThomsan Learning
_c2001
082 _a5.133
_bFOR
300 _a900
546 _aENGLISH
999 _c25188
_d25188